Finanzas globales en riesgo: (Registro nro. 11920)
[ vista simple ]
| 000 -LEADER | |
|---|---|
| fixed length control field | 01328nam a2200289Ia 4500 |
| 003 - CONTROL NUMBER IDENTIFIER | |
| control field | OSt |
| 005 - DATE AND TIME OF LATEST TRANSACTION | |
| control field | 20210713154944.0 |
| 008 - FIXED-LENGTH DATA ELEMENTS--GENERAL INFORMATION | |
| fixed length control field | 210310s2006 ar gr 000 0 spa d |
| 020 ## - INTERNATIONAL STANDARD BOOK NUMBER | |
| International Standard Book Number | 9871220545 |
| 020 ## - INTERNATIONAL STANDARD BOOK NUMBER | |
| International Standard Book Number | 9789871220540 |
| 040 ## - CATALOGING SOURCE | |
| Original cataloging agency | CO-JMCR |
| Transcribing agency | CO-JMCR |
| 041 1# - LANGUAGE CODE | |
| Language code of text/sound track or separate title | spa |
| Language code of original | eng |
| 082 04 - DEWEY DECIMAL CLASSIFICATION NUMBER | |
| Classification number | 332.042 / |
| Item number | E148f |
| Edition number | 23 |
| 100 1# - MAIN ENTRY--PERSONAL NAME | |
| Personal name | Eatwell. John |
| Relator term | autor |
| 9 (RLIN) | 26804 |
| 245 10 - TITLE STATEMENT | |
| Title | Finanzas globales en riesgo: |
| Remainder of title | un análisis a favor de la regulación internacional / |
| Statement of responsibility, etc. | john Eatwell, Lence Taylor ; traducción por Teresa Arijón |
| 260 ## - PUBLICATION, DISTRIBUTION, ETC. | |
| Place of publication, distribution, etc. | Buenos Aires : |
| Name of publisher, distributor, etc. | Siglo Veintiuno, |
| Date of publication, distribution, etc. | 2005. |
| 300 ## - PHYSICAL DESCRIPTION | |
| Extent | 270 páginas ; |
| Dimensions | 20 cm. |
| 490 0# - SERIES STATEMENT | |
| Series statement | Economía |
| 501 ## - WITH NOTE | |
| With note | Con: notas al final de cada capitulo |
| 505 0# - FORMATTED CONTENTS NOTE | |
| Formatted contents note | La privatización del riesgo. -- Los mercados del capital liberalizados y en el funcionamiento económico global. -- Tasas de cambio y controles de capital. -- Los países desarrollados y el nuevo orden financiero. -- Los países en desarrollo y el nuevo orden financiero. -- Regulación a escala global. -- Una autoridad financiera mundial. |
| 650 14 - SUBJECT ADDED ENTRY--TOPICAL TERM | |
| Topical term or geographic name entry element | Economía |
| General subdivision | finanzas |
| 9 (RLIN) | 38425 |
| 650 24 - SUBJECT ADDED ENTRY--TOPICAL TERM | |
| Topical term or geographic name entry element | Mercados de capital |
| General subdivision | finanzas |
| 9 (RLIN) | 38426 |
| 650 24 - SUBJECT ADDED ENTRY--TOPICAL TERM | |
| Topical term or geographic name entry element | Control de capitales |
| General subdivision | finanzas |
| 9 (RLIN) | 38427 |
| 700 1# - ADDED ENTRY--PERSONAL NAME | |
| Personal name | Taylor, Lence, |
| Relator term | autor |
| 9 (RLIN) | 38428 |
| 700 1# - ADDED ENTRY--PERSONAL NAME | |
| Personal name | Arijón,Teresa, |
| Relator term | traductora |
| 9 (RLIN) | 8507 |
| 942 ## - ADDED ENTRY ELEMENTS (KOHA) | |
| Source of classification or shelving scheme | Dewey Decimal Classification |
| Koha item type | Books |
| Withdrawn status | Lost status | Source of classification or shelving scheme | Damaged status | Not for loan | Home library | Current library | Shelving location | Date acquired | Source of acquisition | Total Checkouts | Full call number | Barcode | Date last seen | Date last checked out | Copy number | Price effective from | Koha item type |
|---|---|---|---|---|---|---|---|---|---|---|---|---|---|---|---|---|---|
| Dewey Decimal Classification | Biblioteca Pública José María del Castillo y Rada | Biblioteca Pública José María del Castillo y Rada | General Stacks | 04/15/2018 | Donación | 1 | 332.042 / E148f | 430003121 | 03/10/2026 | 03/10/2026 | Ej.1 | 03/10/2021 | Books |